| 000 | 01192nam a22002537a 4500 | ||
|---|---|---|---|
| 008 | 100722s2004 xxu||||| |||| 00| 0 ara d | ||
| 020 | _a9771750271 | ||
| 082 |
_222 _a231.8 _bهـ و ا |
||
| 100 | 1 |
_916647 _aهوايت ، الن |
|
| 245 |
_aالصراع العظيم : _bبين الحق والباطل / _cالن هوايت ؛ ترجمة اسحق فرج الله ؛ تنقيح أنطوان عبيد |
||
| 250 | _aط4. | ||
| 260 |
_aبيروت : _bدار الشرق الوسط ، _c2004. |
||
| 300 |
_a780 ص ؛ _c24 سم. |
||
| 504 | _aيحتوى على إرجاعات ببليوجرافية | ||
| 541 |
_aألف باء ؛ _cشراء ؛ |
||
| 650 |
_916650 _aالمسيحية _xتاريخ |
||
| 650 |
_916651 _aالحياة الروحية |
||
| 650 |
_916652 _aالخير والشر _xفلسفة ونظريات |
||
| 650 |
_916653 _aالخير والشر _xتاريخ |
||
| 700 |
_916648 _aفرج الله ، اسحق _eترجمة |
||
| 700 |
_916649 _aعبيد ، أنطوان _eتنقيح |
||
| 942 |
_2ddc _cBB |
||
| 999 |
_c14527 _d14527 |
||